Regions of Madagascar Quiz Stats

 Plays Quiz Updated Mar 4, 2019

Support Sporcle.
Go Orange.
Score 0/22 Timer 07:00
1 Play Today
% Correct
Diana
94%
Sofia
92.7%
Sava
91.1%
Boeny
84.1%
Itasy
83%
Melaky
79.8%
Androy
77.5%
Anosy
74.3%
Menabe
71.9%
Bongolava
68%
Betsiboka
60.6%
% Correct
Analamanga
57.4%
Ihorombe
53.5%
Atsinanana
53%
Analanjirofo
40.8%
Vakinankaratra
40.5%
Atsimo-Andrefana
38.3%
Alaotra-Mangoro
38%
Atsimo-Atsinanana
35.1%
Amoron’i Mania
34.8%
Matsiatra Ambony
33.2%
Vatovavy-Fitovinany
30.1%

You're not logged in!

Compare scores with friends on all Sporcle quizzes.
OR
Log In

From the Vault

Ballon d'Or 2018 Nominees

by Lil_Facey

Can't win if you're not nominated.
Remove Ads.
Support Sporcle.
Get the best of Sporcle when you Go Orange. This ad-free experience offers more features, more stats, and more fun while also helping to support Sporcle. Thank you for becoming a member.

Show Comments

Extras

Top Quizzes Today


Score Distribution

Your Account Isn't Verified!

In order to create a playlist on Sporcle, you need to verify the email address you used during registration. Go to your Sporcle Settings to finish the process.

Report this User

Report this user for behavior that violates our Community Guidelines.

Details: